00365nam a2200133Ia 4500003000400000008004100004040001600045082001300061100001900074245006900093260004200162300000800204650001900212GCL140319s9999 xx 000 0 eng d aGCL / cGCL04a759bS D1 aSTANGOS, NIKOS10aDAVID HOCKNEY BY DAVID HOCKNEY MY EARLY YEARS / cSTANGOS, NIKOS a[S.N] : bTHAMES AND HUDSON ، c1988 a31204aHOCKNEY, DAVID